Bilecik Bilecik Bilecik Bilecik Bilecik

Kutbeddin İznikî'nin Mukaddimesi'nin Topkapı nüshası (101a-150b) giriş-metin-çeviri-sözlük/ (Record no. 67484)

MARC details
000 -BAŞLIK
Sabit Uzunluktaki Kontrol Alanı 01527nam a22004217a 4500
001 - KONTROL NUMARASI
Control Dosyası T0000717
003 - KONTROL NUMARASI KİMLİĞİ
Kontrol Alanı KOHA_MİRAKIL
005 - EN SON İŞLEM TARİHİ ve ZAMANI
Kontrol Alanı 20260207004703.0
007 - FİZİKSEL TANIM SABİT ALAN - GENEL BİLGİ
Sabit uzunluklu kontrol alanı ta
008 - SABİT UZUNLUKTAKİ VERİ ÖGELERİ - GENEL BİLGİ
Sabit Alan 220330b2021 tu |||grm|||#0|||0|tur |
020 ## - ISBN - ULUSLARARASI STANDART KİTAP NUMARASI
Isbn
040 ## - KATALOGLAMA KAYNAĞI
Özgün Kataloglama Kurumu TR-BiSEU
Kataloglama Dili tur
Çeviri Kurumu TR-BiSEU
Açıklama Kuralları rda
041 0# - DİL KODU
Metin ya da ses kaydının dil kodu tur
044 ## - YAYINLAYAN/ÜRETEN KURULUŞUN ÜLKE KODU
ISO country code tu
050 00 - SINIFLAMA ve YER NUMARASI
Sınıflama Numarası Tez
Yer Numarası 717
100 1# - KİŞİ ADI
Yazar Adı (Kişi adı) Saçı, Ayşegül.
245 1# - ESER ADI BİLDİRİMİ
Başlık Kutbeddin İznikî'nin Mukaddimesi'nin Topkapı nüshası (101a-150b) giriş-metin-çeviri-sözlük/
Sorumluluk Bildirimi Ayşegül Saçı ; Ayşegül Saçı; danışman İbrahim Taş.
264 #1 - ÜRERİM, YAYIN, DAĞITIM ve TELİF BİLDİRİMİ
Yayın yeri Bilecik :
Yayınlayan Bilecik Şeyh Edebali Üniversitesi
Yayın tarihi 2021
300 ## - FİZİKSEL TANIMLAMA
Sayfa, Cilt vb. VIII, 208 sayfa; 30 cm. +
Birlikteki Materyal 1 CD-ROM
336 ## - İÇERİK TÜRÜ
Content type term metin
Content type code txt
Source rdacontent
337 ## - MEDYA TÜRÜ
Media type term aracısız
Media type code n
Source rdamedia
338 ## - TAŞIYICI TÜRÜ
Carrier type term cilt
Carrier type code nc
Source rdacarrier
490 0# - DİZİ BİLDİRİMİ
Dizi Bildirimi Ref.
490 0# - DİZİ BİLDİRİMİ
Dizi Bildirimi no: 10299087
500 ## - GENEL NOT
Genel Not Kaynakça var.
500 ## - GENEL NOT
Genel Not İngilizce eser adı: Kutbeddin Iznikî's Mukaddime of Topkapı copy (101a-150b) introduction-the text-translation-glossary.
502 ## - TEZ NOTU
Tez Notu Tez (Yüksek Lisans) -- Bilecik Şeyh Edebali Üniversitesi Sosyal Bilimler Enstitüsü Türk Dili ve Edebiyatı Anabilim Dalı, Bilecik, .
650 #0 - KONU BAŞLIĞI EK GİRİŞ - KONU TERİMİ
Konusal terim veya coğrafi ad Eski Anadolu Türkçesi.
9 (RLIN) 86490
650 #0 - KONU BAŞLIĞI EK GİRİŞ - KONU TERİMİ
Konusal terim veya coğrafi ad İlmihal.
9 (RLIN) 29110
650 #0 - KONU BAŞLIĞI EK GİRİŞ - KONU TERİMİ
Konusal terim veya coğrafi ad Kutbeddin İznikî.
9 (RLIN) 127292
650 #0 - KONU BAŞLIĞI EK GİRİŞ - KONU TERİMİ
Konusal terim veya coğrafi ad Mukaddime.
9 (RLIN) 127293
650 #0 - KONU BAŞLIĞI EK GİRİŞ - KONU TERİMİ
Konusal terim veya coğrafi ad Old Anatolian Turkish.
9 (RLIN) 86491
650 #0 - KONU BAŞLIĞI EK GİRİŞ - KONU TERİMİ
Konusal terim veya coğrafi ad Catechism.
9 (RLIN) 29111
830 0# - SERİ EK GİRİŞİ - TEKBİÇİM ESER ADI
Tekbiçim Başlık Ref.
9 (RLIN) 123605
830 0# - SERİ EK GİRİŞİ - TEKBİÇİM ESER ADI
Tekbiçim Başlık no: 10299087
9 (RLIN) 127294
856 40 - ELEKTRONİK YER ve ERİŞİM
Kaynak Tanımlayıcı (URL) <a href="https://hdl.handle.net/11552/2130">https://hdl.handle.net/11552/2130</a>
907 ## - LOCAL DATA ELEMENT G, LDG (RLIN)
a Yüksek Lisans
942 ## - EK GİRİŞ ÖGELERİ (KOHA)
Source of classification or shelving scheme Library of Congress Classification
Koha item type Thesis
Holdings
Materyal Türü Kalıcı Konum Mevcut Konum Raf Yeri Sınıflandırma Kaynağı Edinim Bilgisi Yer Numarası Demirbaş Numarası Fatura Tarihi Geri Çekilme Durumu Kayıp Durumu Hasarlı Durumu Kredi için değil Kayıt Tarih Toplam Ödünçverme Son Görülme Tarihi Son Kontrol Tarihi
Thesis Prof. Dr. Azmi Özcan Kütüphanesi Prof. Dr. Azmi Özcan Kütüphanesi Depo Library of Congress Classification Bağış Tez/717 T0000717 02/02/2026         30/03/2022   05/03/2025 05/03/2025